[Event "Week's Tournament Elo 1799- (WT1)"]
[Site "Biel, CH"]
[Date "2025.07.21"]
[Round "1"]
[White "Lupei, Denis"]
[Black "Bachvarov, Viktor"]
[Result "1/2-1/2"]
[Board "1"]
[WhiteFideId "34611231"]
[BlackFideId "1361473"]
[WhiteElo "1784"]
[BlackElo "1631"]
[WhiteTeam "GER"]
[BlackTeam "SUI"]
[WhiteClock "0:03:55"]
[BlackClock "0:13:15"]
[Variant "Standard"]

1. e4 {[%clk 1:00:53]}  e6 {[%clk 1:00:57]} 2. d4 {[%clk 1:01:02]}  d5 {[%clk 1:01:23]} 3. exd5 {[%clk 1:01:13]}  exd5 {[%clk 1:01:45]} 4. Bf4 {[%clk 1:01:30]}  Bf5 {[%clk 0:59:35]} 5. Nc3 {[%clk 0:58:41]}  c6 {[%clk 1:00:44]} 6. Qd2 {[%clk 0:57:48]}  Bd6 {[%clk 0:58:26]} 7. O-O-O {[%clk 0:48:49]}  Qc7 {[%clk 0:49:36]} 8. Re1+ {[%clk 0:34:54]}  Ne7 {[%clk 0:46:00]} 9. Bxd6 {[%clk 0:27:00]}  Qxd6 {[%clk 0:46:14]} 10. f3 {[%clk 0:20:17]}  Nd7 {[%clk 0:41:42]} 11. Nge2 {[%clk 0:18:27]}  O-O-O {[%clk 0:39:22]} 12. Kb1 {[%clk 0:15:24]}  h5 {[%clk 0:34:54]} 13. Nc1 {[%clk 0:12:56]}  f6 {[%clk 0:32:55]} 14. Bd3 {[%clk 0:10:31]}  Bxd3 {[%clk 0:31:24]} 15. Qxd3 {[%clk 0:09:39]}  Rde8 {[%clk 0:29:23]} 16. Re2 {[%clk 0:08:39]}  Kd8 {[%clk 0:27:33]} 17. h3 {[%clk 0:06:49]}  g6 {[%clk 0:25:48]} 18. Rhe1 {[%clk 0:03:54]}  Nf5 {[%clk 0:22:46]} 19. Rxe8+ {[%clk 0:03:42]}  Rxe8 {[%clk 0:27:11]} 20. Rxe8+ {[%clk 0:02:37]}  Kxe8 {[%clk 0:27:31]} 21. g4 {[%clk 0:02:55]}  hxg4 {[%clk 0:27:34]} 22. fxg4 {[%clk 0:02:44]}  Nh4 {[%clk 0:27:20]} 23. Qe3+ {[%clk 0:01:02]}  Qe7 {[%clk 0:26:12]} 24. Qg3 {[%clk 0:00:55]}  f5 {[%clk 0:19:32]} 25. g5 {[%clk 0:00:39]}  Qh7 {[%clk 0:20:18]} 26. Qc7 {[%clk 0:00:46]}  Qg7 {[%clk 0:15:59]} 27. Qg3 {[%clk 0:00:36]}  Qxd4 {[%clk 0:15:17]} 28. N1e2 {[%clk 0:00:57]}  Qh8 {[%clk 0:15:11]} 29. Qe3+ {[%clk 0:01:18]}  Qe5 {[%clk 0:15:11]} 30. Qxa7 {[%clk 0:00:07]}  f4 {[%clk 0:13:33]} 31. Qf2 {[%clk 0:00:39]}  Qxg5 {[%clk 0:12:02]} 32. Nxf4 {[%clk 0:00:37]}  Qf6 {[%clk 0:11:33]} 33. Qe1+ {[%clk 0:00:36]}  Qe7 {[%clk 0:10:41]} 34. Qg3 {[%clk 0:00:47]}  g5 {[%clk 0:09:46]} 35. Nd3 {[%clk 0:01:06]}  Qf6 {[%clk 0:09:38]} 36. a3 {[%clk 0:01:16]}  Qf1+ {[%clk 0:09:00]} 37. Ka2 {[%clk 0:01:41]}  Qg2 {[%clk 0:07:55]} 38. Qe3+ {[%clk 0:02:03]}  Kd8 {[%clk 0:07:41]} 39. Ne1 {[%clk 0:02:21]}  Nf5 {[%clk 0:06:41]} 40. Nxg2 {[%clk 0:00:52]}  Nxe3 {[%clk 0:06:29]} 41. Nxe3 {[%clk 0:01:40]}  d4 {[%clk 0:07:23]} 42. Ncd1 {[%clk 0:01:39]}  dxe3 {[%clk 0:07:44]} 43. Nxe3 {[%clk 0:02:06]}  Ne5 {[%clk 0:07:48]} 44. Ng4 {[%clk 0:01:42]}  Ng6 {[%clk 0:07:45]} 45. Kb3 {[%clk 0:02:01]}  Nf4 {[%clk 0:08:01]} 46. Nf2 {[%clk 0:02:25]}  Kc7 {[%clk 0:08:09]} 47. Kc3 {[%clk 0:02:37]}  c5 {[%clk 0:07:59]} 48. Kd2 {[%clk 0:02:40]}  Kc6 {[%clk 0:08:15]} 49. Ke3 {[%clk 0:02:46]}  Kd5 {[%clk 0:08:33]} 50. Kf3 {[%clk 0:02:13]}  Ne6 {[%clk 0:08:22]} 51. Kg4 {[%clk 0:00:44]}  Ke5 {[%clk 0:08:33]} 52. c3 {[%clk 0:00:37]}  Kf6 {[%clk 0:08:30]} 53. Ne4+ {[%clk 0:00:58]}  Kg6 {[%clk 0:08:55]} 54. b4 {[%clk 0:01:09]}  cxb4 {[%clk 0:08:53]} 55. axb4 {[%clk 0:01:26]}  b5 {[%clk 0:09:16]} 56. Nd6 {[%clk 0:01:06]}  Nc7 {[%clk 0:09:30]} 57. Kf3 {[%clk 0:01:07]}  Kf6 {[%clk 0:09:18]} 58. Ke3 {[%clk 0:01:17]}  Ke5 {[%clk 0:09:25]} 59. Nf7+ {[%clk 0:01:00]}  Kf6 {[%clk 0:09:39]} 60. Nxg5 {[%clk 0:00:39]}  Kxg5 {[%clk 0:09:57]} 61. Kd4 {[%clk 0:01:00]}  Ne6+ {[%clk 0:09:21]} 62. Kd5 {[%clk 0:00:52]}  Nf4+ {[%clk 0:09:44]} 63. Kc5 {[%clk 0:01:05]}  Ne2 {[%clk 0:10:02]} 64. c4 {[%clk 0:01:23]}  bxc4 {[%clk 0:10:19]} 65. Kxc4 {[%clk 0:01:00]}  Nf4 {[%clk 0:09:42]} 66. b5 {[%clk 0:01:40]}  Ne6 {[%clk 0:10:04]} 67. b6 {[%clk 0:01:49]}  Nd8 {[%clk 0:10:26]} 68. Kc5 {[%clk 0:02:01]}  Nb7+ {[%clk 0:10:34]} 69. Kc6 {[%clk 0:02:18]}  Na5+ {[%clk 0:10:57]} 70. Kb5 {[%clk 0:02:38]}  Nb7 {[%clk 0:11:20]} 71. Ka6 {[%clk 0:03:03]}  Nc5+ {[%clk 0:11:36]} 72. Ka7 {[%clk 0:03:18]}  Kh4 {[%clk 0:11:54]} 73. Kb8 {[%clk 0:02:24]}  Kxh3 {[%clk 0:12:06]} 74. Kc7 {[%clk 0:02:46]}  Na6+ {[%clk 0:11:27]} 75. Kc6 {[%clk 0:02:04]}  Nb8+ {[%clk 0:11:49]} 76. Kd6 {[%clk 0:02:16]}  Kg4 {[%clk 0:11:54]} 77. b7 {[%clk 0:02:42]}  Na6 {[%clk 0:12:16]} 78. Kc6 {[%clk 0:03:05]}  Nb8+ {[%clk 0:12:30]} 79. Kc7 {[%clk 0:03:30]}  Na6+ {[%clk 0:12:52]} 80. Kb6 {[%clk 0:03:55]}  Nb8 {[%clk 0:13:15]} 1/2-1/2

[Event "Week's Tournament Elo 1799- (WT1)"]
[Site "Biel, CH"]
[Date "2025.07.21"]
[Round "1"]
[White "Ammeter, Nicolas"]
[Black "Boesch, Roman"]
[Result "1-0"]
[Board "2"]
[WhiteFideId "1357972"]
[BlackFideId "1363786"]
[WhiteElo "1621"]
[BlackElo "1780"]
[WhiteTeam "SUI"]
[BlackTeam "SUI"]
[WhiteClock "0:05:52"]
[BlackClock "0:01:19"]
[Variant "Standard"]

1. c4 {[%clk 1:00:58]}  e6 {[%clk 1:00:47]} 2. g3 {[%clk 1:00:14]}  d5 {[%clk 1:00:02]} 3. b3 {[%clk 0:58:33]}  Bb4 {[%clk 0:59:29]} 4. a3 {[%clk 0:57:55]}  Bd6 {[%clk 0:57:53]} 5. Bg2 {[%clk 0:59:46]}  Nf6 {[%clk 0:55:22]} 6. Nf3 {[%clk 0:59:11]}  O-O {[%clk 0:54:08]} 7. d4 {[%clk 0:56:14]}  c5 {[%clk 0:52:18]} 8. dxc5 {[%clk 0:55:36]}  Bxc5 {[%clk 0:51:50]} 9. b4 {[%clk 0:55:01]}  Bb6 {[%clk 0:56:46]} 10. c5 {[%clk 0:54:52]}  Bc7 {[%clk 0:54:12]} 11. Bb2 {[%clk 0:51:53]}  b6 {[%clk 0:45:50]} 12. cxb6 {[%clk 0:45:09]}  Bxb6 {[%clk 0:54:47]} 13. a4 {[%clk 0:42:07]}  Nc6 {[%clk 0:53:08]} 14. Ba3 {[%clk 0:40:50]}  Re8 {[%clk 0:48:40]} 15. O-O {[%clk 0:34:25]}  a6 {[%clk 0:45:16]} 16. Qc2 {[%clk 0:27:14]}  Bb7 {[%clk 0:40:00]} 17. Nbd2 {[%clk 0:24:54]}  Rc8 {[%clk 0:37:07]} 18. Qb3 {[%clk 0:23:05]}  Qd7 {[%clk 0:32:44]} 19. Rfd1 {[%clk 0:19:17]}  Rc7 {[%clk 0:28:27]} 20. Bb2 {[%clk 0:15:11]}  Qe7 {[%clk 0:20:56]} 21. Bc3 {[%clk 0:12:16]}  Rec8 {[%clk 0:20:00]} 22. b5 {[%clk 0:10:06]}  Na5 {[%clk 0:19:45]} 23. Bxa5 {[%clk 0:09:56]}  Bxa5 {[%clk 0:14:56]} 24. e3 {[%clk 0:08:20]}  Rc2 {[%clk 0:12:01]} 25. Ra2 {[%clk 0:10:31]}  R8c3 {[%clk 0:11:31]} 26. Qb1 {[%clk 0:08:30]}  Qc7 {[%clk 0:10:39]} 27. Rxc2 {[%clk 0:08:19]}  Rxc2 {[%clk 0:14:51]} 28. Nb3 {[%clk 0:06:44]}  Bb6 {[%clk 0:12:54]} 29. a5 {[%clk 0:01:37]}  Bxe3 {[%clk 0:06:32]} 30. fxe3 {[%clk 0:10:00]}  Qc3 {[%clk 0:04:58]} 31. Nbd4 {[%clk 0:08:15]}  Qxe3+ {[%clk 0:06:35]} 32. Kh1 {[%clk 0:06:24]}  Rf2 {[%clk 0:05:42]} 33. bxa6 {[%clk 0:03:41]}  Rxg2 {[%clk 0:03:28]} 34. axb7 {[%clk 0:02:06]}  g6 {[%clk 0:03:08]} 35. b8=Q+ {[%clk 0:01:56]}  Kg7 {[%clk 0:02:20]} 36. Kxg2 {[%clk 0:01:21]}  Ng4 {[%clk 0:01:19]} 37. Q1b2 {[%clk 0:05:52]} 1-0

[Event "Week's Tournament Elo 1799- (WT1)"]
[Site "Biel, CH"]
[Date "2025.07.21"]
[Round "1"]
[White "Weber, Jason"]
[Black "Ben-Avi, Dotan"]
[Result "0-1"]
[Board "3"]
[WhiteFideId "1363042"]
[BlackFideId "2847965"]
[WhiteElo "1769"]
[BlackElo "1615"]
[WhiteTeam "SUI"]
[BlackTeam "ISR"]
[WhiteClock "0:00:40"]
[BlackClock "0:03:41"]
[Variant "Standard"]

1. e4 {[%clk 1:00:56]}  d5 {[%clk 1:00:44]} 2. exd5 {[%clk 1:01:19]}  Nf6 {[%clk 1:00:55]} 3. d4 {[%clk 1:00:40]}  Bg4 {[%clk 1:00:37]} 4. f3 {[%clk 1:00:11]}  Bf5 {[%clk 0:59:25]} 5. Bb5+ {[%clk 0:57:26]}  Nbd7 {[%clk 0:56:47]} 6. c4 {[%clk 0:55:52]}  a6 {[%clk 0:55:49]} 7. Ba4 {[%clk 0:53:38]}  e6 {[%clk 0:51:10]} 8. dxe6 {[%clk 0:48:14]}  Bxe6 {[%clk 0:50:53]} 9. d5 {[%clk 0:41:31]}  Bf5 {[%clk 0:50:00]} 10. Be3 {[%clk 0:39:23]}  Bb4+ {[%clk 0:47:47]} 11. Bd2 {[%clk 0:35:37]}  Bxd2+ {[%clk 0:42:26]} 12. Qxd2 {[%clk 0:34:57]}  O-O {[%clk 0:42:19]} 13. Ne2 {[%clk 0:33:33]}  Ne5 {[%clk 0:39:01]} 14. Na3 {[%clk 0:22:41]}  Nd3+ {[%clk 0:37:13]} 15. Kf1 {[%clk 0:22:43]}  Bg6 {[%clk 0:24:35]} 16. Bc2 {[%clk 0:20:15]}  Ne5 {[%clk 0:23:34]} 17. Kf2 {[%clk 0:18:00]}  Nfd7 {[%clk 0:20:06]} 18. Qd4 {[%clk 0:13:26]}  Re8 {[%clk 0:15:19]} 19. Rhe1 {[%clk 0:13:27]}  Qg5 {[%clk 0:13:16]} 20. Bxg6 {[%clk 0:08:11]}  Nxg6 {[%clk 0:11:43]} 21. Ng3 {[%clk 0:04:38]}  h5 {[%clk 0:09:16]} 22. Rad1 {[%clk 0:07:21]}  Nf6 {[%clk 0:07:06]} 23. Nc2 {[%clk 0:06:27]}  Nf4 {[%clk 0:05:52]} 24. Ne3 {[%clk 0:03:23]}  h4 {[%clk 0:05:55]} 25. Ne4 {[%clk 0:02:21]}  Nxe4+ {[%clk 0:04:37]} 26. fxe4 {[%clk 0:02:49]}  Re5 {[%clk 0:03:44]} 27. Ng4 {[%clk 0:01:04]}  Rae8 {[%clk 0:02:50]} 28. h3 {[%clk 0:00:46]}  Nxh3+ {[%clk 0:02:05]} 29. gxh3 {[%clk 0:00:40]}  Qf4+ {[%clk 0:02:27]} 30. Kg1 {[%clk 0:00:38]}  Qg3+ {[%clk 0:02:47]} 31. Kh1 {[%clk 0:00:56]}  Qxh3+ {[%clk 0:03:10]} 32. Nh2 {[%clk 0:01:20]}  Rg5 {[%clk 0:00:59]} 33. Rg1 {[%clk 0:01:39]}  Rg3 {[%clk 0:01:03]} 34. Rd2 {[%clk 0:00:37]}  f6 {[%clk 0:00:56]} 35. Rdg2 {[%clk 0:00:37]}  Re5 {[%clk 0:01:09]} 36. b3 {[%clk 0:00:34]}  Reg5 {[%clk 0:01:18]} 37. Qd2 {[%clk 0:00:34]}  R5g4 {[%clk 0:00:46]} 38. c5 {[%clk 0:00:37]}  Rxe4 {[%clk 0:00:45]} 39. d6 {[%clk 0:00:53]}  cxd6 {[%clk 0:01:01]} 40. Qd5+ {[%clk 0:00:40]}  Qe6 {[%clk 0:00:59]} 41. Qxe6+ {[%clk 0:00:59]}  Rxe6 {[%clk 0:01:16]} 42. Rxg3 {[%clk 0:01:22]}  hxg3 {[%clk 0:01:41]} 43. Rxg3 {[%clk 0:01:11]}  dxc5 {[%clk 0:01:57]} 44. Nf3 {[%clk 0:00:35]}  Re2 {[%clk 0:01:47]} 45. Rg2 {[%clk 0:00:54]}  Re3 {[%clk 0:01:49]} 46. Nd2 {[%clk 0:00:50]}  Kf7 {[%clk 0:01:45]} 47. Nc4 {[%clk 0:00:49]}  Re1+ {[%clk 0:02:01]} 48. Kh2 {[%clk 0:01:01]}  Rd1 {[%clk 0:01:33]} 49. Rd2 {[%clk 0:01:18]}  Rxd2+ {[%clk 0:01:36]} 50. Nxd2 {[%clk 0:01:45]}  Ke6 {[%clk 0:01:35]} 51. Kg3 {[%clk 0:01:23]}  b5 {[%clk 0:01:25]} 52. Kf3 {[%clk 0:00:56]}  Kd5 {[%clk 0:01:34]} 53. Ke3 {[%clk 0:00:43]}  f5 {[%clk 0:01:26]} 54. Kf4 {[%clk 0:00:52]}  g6 {[%clk 0:01:43]} 55. Nf3 {[%clk 0:00:40]}  c4 {[%clk 0:00:33]} 56. bxc4+ {[%clk 0:00:37]}  bxc4 {[%clk 0:01:40]} 57. Ne1 {[%clk 0:00:48]}  Kd4 {[%clk 0:03:34]} 58. Nc2+ {[%clk 0:01:09]}  Kc3 {[%clk 0:03:40]} 59. Ne1 {[%clk 0:00:46]}  Kb2 {[%clk 0:03:49]} 60. a4 {[%clk 0:00:49]}  c3 {[%clk 0:03:07]} 61. Kg5 {[%clk 0:00:51]}  c2 {[%clk 0:03:10]} 62. Kxg6 {[%clk 0:01:12]}  f4 {[%clk 0:03:11]} 63. Nd3+ {[%clk 0:00:57]}  Kb1 {[%clk 0:03:25]} 64. Kf5 {[%clk 0:01:02]}  f3 {[%clk 0:03:35]} 65. Ke4 {[%clk 0:00:40]}  f2 {[%clk 0:03:41]} 0-1

[Event "Week's Tournament Elo 1799- (WT1)"]
[Site "Biel, CH"]
[Date "2025.07.21"]
[Round "1"]
[White "Ademi, Rexhe"]
[Black "Bachmann, Daniel"]
[Result "0-1"]
[Board "4"]
[WhiteFideId "1350366"]
[BlackFideId "1357492"]
[WhiteElo "1605"]
[BlackElo "1766"]
[WhiteTeam "SUI"]
[BlackTeam "SUI"]
[WhiteClock "0:39:19"]
[BlackClock "0:06:08"]
[Variant "Standard"]

1. Nf3 {[%clk 1:00:30]}  Nf6 {[%clk 0:58:55]} 2. d3 {[%clk 1:01:04]}  d5 {[%clk 0:59:21]} 3. g3 {[%clk 1:01:27]}  e6 {[%clk 0:59:02]} 4. Bg2 {[%clk 0:59:08]}  Bd7 {[%clk 0:57:03]} 5. Ne5 {[%clk 1:01:35]}  Nc6 {[%clk 0:57:18]} 6. Nxd7 {[%clk 1:01:54]}  Qxd7 {[%clk 0:57:40]} 7. O-O {[%clk 1:02:14]}  O-O-O {[%clk 0:56:56]} 8. a4 {[%clk 0:59:22]}  h5 {[%clk 0:52:54]} 9. h4 {[%clk 0:53:40]}  a6 {[%clk 0:47:20]} 10. c3 {[%clk 0:51:14]}  g5 {[%clk 0:45:35]} 11. Bxg5 {[%clk 1:03:06]}  Be7 {[%clk 0:45:47]} 12. b4 {[%clk 1:02:02]}  Ne8 {[%clk 0:44:24]} 13. Bxe7 {[%clk 1:02:34]}  Nxe7 {[%clk 0:44:08]} 14. Nd2 {[%clk 1:02:28]}  Nd6 {[%clk 0:43:15]} 15. Qb3 {[%clk 1:00:40]}  f5 {[%clk 0:42:50]} 16. e3 {[%clk 1:00:18]}  Rdg8 {[%clk 0:42:29]} 17. c4 {[%clk 0:56:41]}  c6 {[%clk 0:38:49]} 18. cxd5 {[%clk 1:02:52]}  exd5 {[%clk 0:38:57]} 19. b5 {[%clk 1:00:23]}  axb5 {[%clk 0:36:43]} 20. axb5 {[%clk 1:03:29]}  Nxb5 {[%clk 0:36:59]} 21. Rfc1 {[%clk 0:56:24]}  Nc7 {[%clk 0:30:35]} 22. Ra7 {[%clk 1:03:18]}  Na6 {[%clk 0:29:28]} 23. Qb6 {[%clk 1:03:17]}  Qc7 {[%clk 0:25:05]} 24. Qd4 {[%clk 1:01:32]}  c5 {[%clk 0:24:35]} 25. Qf6 {[%clk 0:57:23]}  Kb8 {[%clk 0:19:16]} 26. Rxa6 {[%clk 1:01:07]}  bxa6 {[%clk 0:19:31]} 27. Qxa6 {[%clk 1:01:28]}  Qc6 {[%clk 0:13:27]} 28. Rb1+ {[%clk 1:01:33]}  Kc7 {[%clk 0:14:31]} 29. Qa7+ {[%clk 1:01:43]}  Kd8 {[%clk 0:14:37]} 30. Rb6 {[%clk 0:59:45]}  Qd7 {[%clk 0:10:36]} 31. Qb8+ {[%clk 0:55:45]}  Nc8 {[%clk 0:10:09]} 32. Nb3 {[%clk 0:55:01]}  Qc7 {[%clk 0:06:50]} 33. Qxc7+ {[%clk 0:52:37]}  Kxc7 {[%clk 0:10:25]} 34. Rb5 {[%clk 0:49:46]}  c4 {[%clk 0:08:12]} 35. dxc4 {[%clk 0:53:09]}  dxc4 {[%clk 0:08:25]} 36. Rc5+ {[%clk 0:53:30]}  Kd7 {[%clk 0:07:14]} 37. Rxc4 {[%clk 0:53:48]}  Nd6 {[%clk 0:07:30]} 38. Rd4 {[%clk 0:54:03]}  Rg4 {[%clk 0:06:54]} 39. Nc5+ {[%clk 0:54:09]}  Ke7 {[%clk 0:06:10]} 40. Rd1 {[%clk 0:53:51]}  Rc8 {[%clk 0:08:02]} 41. Rd5 {[%clk 0:52:30]}  Rc4 {[%clk 0:05:10]} 42. Nd3 {[%clk 0:50:24]}  Ne4 {[%clk 0:05:00]} 43. Rxf5 {[%clk 0:49:25]}  Nf6 {[%clk 0:04:51]} 44. Re5+ {[%clk 0:48:59]}  Kf8 {[%clk 0:05:01]} 45. Rf5 {[%clk 0:51:54]}  Kg7 {[%clk 0:05:25]} 46. Nf4 {[%clk 0:51:54]}  Rc1+ {[%clk 0:04:57]} 47. Bf1 {[%clk 0:51:55]}  Ra1 {[%clk 0:04:52]} 48. Ne6+ {[%clk 0:52:05]}  Kg6 {[%clk 0:04:41]} 49. Rg5+ {[%clk 0:50:59]}  Kf7 {[%clk 0:04:04]} 50. Nc5 {[%clk 0:50:27]}  Rb8 {[%clk 0:04:35]} 51. Kg2 {[%clk 0:50:36]}  Rc1 {[%clk 0:04:30]} 52. Rf5 {[%clk 0:49:53]}  Ke7 {[%clk 0:04:22]} 53. Nd3 {[%clk 0:48:16]}  Rc2 {[%clk 0:03:47]} 54. Re5+ {[%clk 0:49:33]}  Kd6 {[%clk 0:03:55]} 55. Rf5 {[%clk 0:49:03]}  Ng4 {[%clk 0:02:27]} 56. Kh3 {[%clk 0:47:29]}  Rb1 {[%clk 0:04:36]} 57. Bg2 {[%clk 0:46:13]}  Rd2 {[%clk 0:04:03]} 58. Rxh5 {[%clk 0:47:24]}  Nf6 {[%clk 0:04:10]} 59. Rh6 {[%clk 0:47:17]}  Ke7 {[%clk 0:04:37]} 60. Nf4 {[%clk 0:46:38]}  Rxf2 {[%clk 0:04:26]} 61. Nd5+ {[%clk 0:46:20]}  Nxd5 {[%clk 0:05:13]} 62. Bxd5 {[%clk 0:46:46]}  Rd1 {[%clk 0:04:37]} 63. e4 {[%clk 0:46:40]}  Rd3 {[%clk 0:05:00]} 64. h5 {[%clk 0:46:43]}  Rf1 {[%clk 0:04:11]} 65. Bc4 {[%clk 0:46:55]}  Rh1+ {[%clk 0:05:19]} 66. Kg2 {[%clk 0:47:09]}  Rdd1 {[%clk 0:05:46]} 67. Rh7+ {[%clk 0:47:01]}  Kf6 {[%clk 0:05:00]} 68. g4 {[%clk 0:46:41]}  Kg5 {[%clk 0:05:25]} 69. Rg7+ {[%clk 0:46:57]}  Kf4 {[%clk 0:05:25]} 70. Bd5 {[%clk 0:46:03]}  Ke3 {[%clk 0:05:43]} 71. Kg3 {[%clk 0:39:19]}  Rdg1 {[%clk 0:06:08]} 0-1

[Event "Week's Tournament Elo 1799- (WT1)"]
[Site "Biel, CH"]
[Date "2025.07.21"]
[Round "1"]
[White "Buntschu, Kurt"]
[Black "Zhang, Zichen"]
[Result "1-0"]
[Board "5"]
[WhiteFideId "1325884"]
[BlackFideId "1359584"]
[WhiteElo "1762"]
[BlackElo "1587"]
[WhiteTeam "SUI"]
[BlackTeam "SUI"]
[WhiteClock "0:06:45"]
[BlackClock "0:34:38"]
[Variant "Standard"]

1. e4 {[%clk 1:00:54]}  e6 {[%clk 1:00:56]} 2. d4 {[%clk 1:01:20]}  d5 {[%clk 1:01:22]} 3. Nd2 {[%clk 1:01:44]}  c5 {[%clk 1:01:36]} 4. exd5 {[%clk 1:02:06]}  exd5 {[%clk 1:01:56]} 5. Ngf3 {[%clk 1:02:10]}  Nc6 {[%clk 1:02:08]} 6. Bb5 {[%clk 1:00:38]}  Qb6 {[%clk 1:02:06]} 7. Qe2+ {[%clk 0:59:16]}  Be7 {[%clk 1:02:04]} 8. dxc5 {[%clk 0:58:36]}  Qxc5 {[%clk 1:00:57]} 9. Nb3 {[%clk 0:57:24]}  Qb6 {[%clk 1:00:36]} 10. Be3 {[%clk 0:55:28]}  Qc7 {[%clk 1:00:05]} 11. c3 {[%clk 0:54:10]}  Nf6 {[%clk 0:59:45]} 12. O-O {[%clk 0:52:29]}  O-O {[%clk 0:59:59]} 13. h3 {[%clk 0:52:39]}  a6 {[%clk 0:59:37]} 14. Bd3 {[%clk 0:52:49]}  h6 {[%clk 0:58:33]} 15. Nbd4 {[%clk 0:49:27]}  Bd7 {[%clk 0:55:01]} 16. Rad1 {[%clk 0:45:53]}  Rfe8 {[%clk 0:53:45]} 17. Qc2 {[%clk 0:41:56]}  Bd6 {[%clk 0:51:57]} 18. Bf5 {[%clk 0:38:34]}  Rad8 {[%clk 0:50:21]} 19. Bxd7 {[%clk 0:34:56]}  Rxd7 {[%clk 0:50:29]} 20. Nf5 {[%clk 0:33:17]}  Bf4 {[%clk 0:48:10]} 21. Bxf4 {[%clk 0:31:10]}  Qxf4 {[%clk 0:48:15]} 22. Rfe1 {[%clk 0:25:21]}  Rxe1+ {[%clk 0:48:00]} 23. Rxe1 {[%clk 0:23:08]}  Rc7 {[%clk 0:46:56]} 24. Qd3 {[%clk 0:22:02]}  Rd7 {[%clk 0:41:52]} 25. g3 {[%clk 0:17:09]}  Qc7 {[%clk 0:41:29]} 26. N3d4 {[%clk 0:16:44]}  Qb6 {[%clk 0:39:45]} 27. b3 {[%clk 0:14:21]}  a5 {[%clk 0:39:16]} 28. Kg2 {[%clk 0:13:18]}  Qa7 {[%clk 0:38:23]} 29. Qb5 {[%clk 0:11:47]}  Rc7 {[%clk 0:37:09]} 30. Qd3 {[%clk 0:11:04]}  Qb8 {[%clk 0:31:48]} 31. Nb5 {[%clk 0:06:18]}  Rd7 {[%clk 0:36:50]} 32. Qe3 {[%clk 0:05:32]}  Kh7 {[%clk 0:36:40]} 33. Qf3 {[%clk 0:04:57]}  g6 {[%clk 0:35:56]} 34. Nfd4 {[%clk 0:04:28]}  Qc8 {[%clk 0:35:43]} 35. Qxf6 {[%clk 0:04:35]}  b6 {[%clk 0:35:32]} 36. Qxc6 {[%clk 0:04:33]}  Qxc6 {[%clk 0:35:44]} 37. Nxc6 {[%clk 0:05:01]}  Rc7 {[%clk 0:36:07]} 38. Ncd4 {[%clk 0:05:12]}  Rc5 {[%clk 0:35:47]} 39. Re7 {[%clk 0:05:18]}  Kg8 {[%clk 0:35:26]} 40. Rb7 {[%clk 0:05:38]}  Kf8 {[%clk 0:34:59]} 41. Rxb6 {[%clk 0:05:58]}  Ke7 {[%clk 0:34:27]} 42. Rc6 {[%clk 0:06:11]}  Rxc6 {[%clk 0:34:31]} 43. Nxc6+ {[%clk 0:06:36]}  Kd7 {[%clk 0:34:38]} 44. Nxa5 {[%clk 0:06:45]} 1-0

[Event "Week's Tournament Elo 1799- (WT1)"]
[Site "Biel, CH"]
[Date "2025.07.21"]
[Round "1"]
[White "Martin, Benoit"]
[Black "Dubel, Nathan"]
[Result "0-1"]
[Board "6"]
[WhiteFideId "1361210"]
[BlackFideId "1359410"]
[WhiteElo "1585"]
[BlackElo "1762"]
[WhiteTeam "SUI"]
[BlackTeam "SUI"]
[WhiteClock "0:30:53"]
[BlackClock "0:06:27"]
[Variant "Standard"]

1. d4 {[%clk 1:00:59]}  d5 {[%clk 1:00:44]} 2. Bf4 {[%clk 0:58:42]}  Nf6 {[%clk 0:59:54]} 3. e3 {[%clk 0:56:43]}  e6 {[%clk 0:59:27]} 4. Nf3 {[%clk 0:56:17]}  Bb4+ {[%clk 0:58:25]} 5. c3 {[%clk 0:54:14]}  Be7 {[%clk 0:57:46]} 6. Be2 {[%clk 0:53:52]}  O-O {[%clk 0:56:13]} 7. O-O {[%clk 0:53:23]}  Nh5 {[%clk 0:53:49]} 8. Ne5 {[%clk 0:52:42]}  Nxf4 {[%clk 0:53:22]} 9. exf4 {[%clk 0:52:13]}  c5 {[%clk 0:50:04]} 10. Re1 {[%clk 0:51:56]}  cxd4 {[%clk 0:48:42]} 11. Qxd4 {[%clk 0:51:00]}  Nc6 {[%clk 0:47:56]} 12. Nxc6 {[%clk 0:54:32]}  bxc6 {[%clk 0:47:21]} 13. Nd2 {[%clk 0:53:56]}  c5 {[%clk 0:45:41]} 14. Qe3 {[%clk 0:53:42]}  Qb6 {[%clk 0:43:23]} 15. Rab1 {[%clk 0:50:20]}  Bb7 {[%clk 0:40:41]} 16. Nf3 {[%clk 0:48:00]}  Rad8 {[%clk 0:40:07]} 17. Red1 {[%clk 0:46:14]}  Ba6 {[%clk 0:39:13]} 18. Bxa6 {[%clk 0:48:24]}  Qxa6 {[%clk 0:36:43]} 19. Ra1 {[%clk 0:44:53]}  Qb6 {[%clk 0:35:42]} 20. Rd2 {[%clk 0:38:25]}  Bf6 {[%clk 0:35:09]} 21. Rad1 {[%clk 0:37:25]}  Rd7 {[%clk 0:34:44]} 22. b4 {[%clk 0:35:08]}  cxb4 {[%clk 0:34:34]} 23. Qxb6 {[%clk 0:34:57]}  axb6 {[%clk 0:34:28]} 24. cxb4 {[%clk 0:34:42]}  Bc3 {[%clk 0:33:35]} 25. Rc2 {[%clk 0:33:45]}  Bxb4 {[%clk 0:40:21]} 26. Ne5 {[%clk 0:31:08]}  Rd6 {[%clk 0:38:55]} 27. Rc7 {[%clk 0:27:04]}  f6 {[%clk 0:38:51]} 28. Nd3 {[%clk 0:26:58]}  Ba5 {[%clk 0:38:22]} 29. Rdc1 {[%clk 0:21:51]}  Rfd8 {[%clk 0:36:41]} 30. Re7 {[%clk 0:19:40]}  b5 {[%clk 0:36:18]} 31. Rb7 {[%clk 0:15:08]}  Bb6 {[%clk 0:34:06]} 32. Rb1 {[%clk 0:14:11]}  Ra8 {[%clk 0:29:23]} 33. Rb2 {[%clk 0:37:11]}  Bd4 {[%clk 0:23:21]} 34. R2xb5 {[%clk 0:34:44]}  Rxa2 {[%clk 0:21:02]} 35. Rb1 {[%clk 0:32:26]}  Rd2 {[%clk 0:20:41]} 36. Rc1 {[%clk 0:30:49]}  h6 {[%clk 0:19:52]} 37. Rb3 {[%clk 0:34:58]}  Rc6 {[%clk 0:17:26]} 38. Rf1 {[%clk 0:31:49]}  Rcc2 {[%clk 0:16:40]} 39. g3 {[%clk 0:24:48]}  e5 {[%clk 0:12:23]} 40. fxe5 {[%clk 0:24:30]}  fxe5 {[%clk 0:10:58]} 41. Nb4 {[%clk 0:18:24]}  Bxf2+ {[%clk 0:07:07]} 42. Rxf2 {[%clk 0:32:27]}  Rxf2 {[%clk 0:07:10]} 43. Nxc2 {[%clk 0:32:21]}  Rxc2 {[%clk 0:07:02]} 44. h4 {[%clk 0:33:08]}  d4 {[%clk 0:05:16]} 45. Rf3 {[%clk 0:32:43]}  Rc3 {[%clk 0:04:46]} 46. Rf5 {[%clk 0:32:26]}  d3 {[%clk 0:04:30]} 47. Kf2 {[%clk 0:30:11]}  e4 {[%clk 0:04:15]} 48. Re5 {[%clk 0:29:44]}  Rc2+ {[%clk 0:03:45]} 49. Ke1 {[%clk 0:29:33]}  Re2+ {[%clk 0:07:25]} 50. Kd1 {[%clk 0:32:10]}  e3 {[%clk 0:06:46]} 51. Rd5 {[%clk 0:31:52]}  Rd2+ {[%clk 0:06:33]} 52. Ke1 {[%clk 0:31:28]}  Kf7 {[%clk 0:05:49]} 53. Re5 {[%clk 0:31:17]}  Re2+ {[%clk 0:05:22]} 54. Kd1 {[%clk 0:32:28]}  Kf6 {[%clk 0:04:47]} 55. Re4 {[%clk 0:32:13]}  Kf5 {[%clk 0:04:31]} 56. Rf4+ {[%clk 0:32:00]}  Ke5 {[%clk 0:03:39]} 57. Rf8 {[%clk 0:31:44]}  Rf2 {[%clk 0:09:17]} 58. Re8+ {[%clk 0:32:27]}  Kd4 {[%clk 0:09:08]} 59. Rd8+ {[%clk 0:32:01]}  Ke4 {[%clk 0:08:43]} 60. Re8+ {[%clk 0:31:48]}  Kf3 {[%clk 0:08:21]} 61. Rf8+ {[%clk 0:30:53]}  Kg2 {[%clk 0:06:27]} 0-1